Jack straight from the gut (Record no. 87516)

MARC details
000 -LEADER
fixed length control field 00357nam a2200145Ia 4500
008 - FIXED-LENGTH DATA ELEMENTS--GENERAL INFORMATION
fixed length control field 230125s9999 xx 000 0 und d
020 ## - INTERNATIONAL STANDARD BOOK NUMBER
International Standard Book Number 0-446-67878-3
041 ## - LANGUAGE CODE
Language code of text/sound track or separate title eng
082 ## - DEWEY DECIMAL CLASSIFICATION NUMBER
Classification number 823
Item number STE
100 ## - MAIN ENTRY--PERSONAL NAME
Personal name Welch J
9 (RLIN) 106396
245 ## - TITLE STATEMENT
Title Jack straight from the gut
260 ## - PUBLICATION, DISTRIBUTION, ETC. (IMPRINT)
Date of publication, distribution, etc. 2001
Name of publisher, distributor, etc. Warner books
Place of publication, distribution, etc. New Delhi
300 ## - PHYSICAL DESCRIPTION
Extent 494p
700 ## - ADDED ENTRY--PERSONAL NAME
Personal name Welch J
9 (RLIN) 106396
Holdings
Withdrawn status Lost status Damaged status Not for loan Home library Current library Date acquired Vendor Cost, normal purchase price Full call number Barcode Date last seen Cost, replacement price Bill Date Koha item type Original Barcode Total Checkouts
        Smt. Hiraben Nanavati Institute of Management & Research for Women Smt. Hiraben Nanavati Institute of Management & Research for Women 27/06/2017 Donated Book- Outside Donar 1.00 823 STE DB2811 HIMR-DB-2811 25/01/2023 1.00 25/01/2023 Donated Book DB2811  
        Smt. Hiraben Nanavati Institute of Management & Research for Women Smt. Hiraben Nanavati Institute of Management & Research for Women 23/03/2002 Crossword 520.00 823 STE B03017 HIMR-BK-3017 25/01/2023 520.00 23/03/2002 Books B03017